MDQL
is popping MORE tags! Check the
thread
!
Quizzes
Events
Quiz Creation
Community
Videos
Private Events
Remove Ads
Sign In
Join for FREE
Feedback
Dark Mode
Quiz Categories
Sports
Geography
Music
Movies
Television
Just For Fun
Miscellaneous
History
Literature
Language
Science
Gaming
Entertainment
Religion
Holiday
For Kids
Quiz Lab
Recent
Popular Today
Quiz Kudos Today
Editor Picks
Curator Picks
Quizzes by...
Day
Popularity
Type
Ratings
Length
Year
Community
Subscriptions
Recent Discussions
Orange Saloon
Badges
Playlists
Quests
Create
Leaderboards
Showdown
Live 5
Trivia Bingo
Activity
Puzzle Library
Sporcle Events
Private Events
Virtual Trivia
Globe League
Become a Host
Pub Owners
SporcleCon
Opinionation
Our Games
Videos
Blog
Mobile Apps
Partnerships
Remove Ads and Go Orange
Feedback
Music
Pop Music
The Beatles
Song
Album
Lyrics
Bands
Singers
Artist
Clip
Rock
Rap
Classical
Billboard
Country Music
Kpop
Taylor Swift
Music
Pop Music
The Beatles
Song
Album
Lyrics
Bands
Singers
Artist
Clip
Rock
Rap
Classical
Billboard
Country Music
Kpop
Taylor Swift
Random Quiz
Search Sporcle
×
Quiz Lab
Quiz Lab
Music
Song
Type in answers that appear in a list
Type in answers that appear in a list
Classic
Best Score? Go Orange.
100 Random Songs Stats
Can you name the 100 songs that came up when I put my iPod on Shuffle?
By
DeathBanana64
20m
100 Questions
66 Plays
66 Plays
66 Plays
Comments
Comments
Give Quiz Kudos
Give Quiz Kudos
-
- Ratings
hide this ad
Replay
Link that replays current quiz
Next Quiz
Link to next quiz in quiz playlist
You Got
0%
They Got
Avg Score
12%
Avg Friend Score
Upgrade to see
Score Distribution
Jump to the score distribution portion of the page
Score
0/100
Timer
20:00
0
Plays Today
Song Order
Song
% Correct
99
Bad
62.1%
85
Thriller
60.6%
24
Poker Face
43.9%
13
Fire
42.4%
73
Fireflies
40.9%
33
U Can't Touch This
28.8%
90
Smooth Criminal
28.8%
79
Low
27.3%
82
You Give Love A Bad Name
27.3%
6
Ring Of Fire
25.8%
21
Rockstar
25.8%
18
Enter Sandman
24.2%
95
Black Or White
24.2%
53
Hey Jude
22.7%
56
Eye Of The Tiger
22.7%
86
Eat It
22.7%
87
It's My Life
22.7%
9
When Doves Cry
21.2%
55
Harder, Better, Faster, Stronger
19.7%
61
Born To Be Wild
19.7%
81
Closer
19.7%
84
Free Fallin'
19.7%
40
Dirty Diana
18.2%
69
You Shook Me All Night Long
18.2%
8
Don't Stop The Music
16.7%
48
Paralyzer
16.7%
65
Bad Medicine
16.7%
78
We Didn't Start The Fire
16.7%
27
Kung Fu Fighting
15.2%
34
Learn To Fly
15.2%
36
Longview
15.2%
88
Any Way You Want It
15.2%
97
Let It Be
15.2%
15
Don't Stop Til You Get Enough
13.6%
Song Order
Song
% Correct
25
Werewolves Of London
13.6%
29
Crazy Bitch
13.6%
76
So Cold
13.6%
83
Knock You Down
13.6%
92
What Hurts The Most
13.6%
32
Fat
12.1%
41
Breath
12.1%
57
St. Jimmy
12.1%
100
Earth Song
12.1%
1
Revenge
10.6%
14
Dance With The Devil
10.6%
20
I Will Not Bow
10.6%
35
I'm So Sick
10.6%
44
Hero
10.6%
51
Gotta Be Somebody
10.6%
96
Somebody To Love
10.6%
5
Brain Stew / Jaded
9.1%
39
I Don't Care
9.1%
60
My Wish
9.1%
2
Sleigh Ride
7.6%
16
Coming Undone
7.6%
50
The Fixer
7.6%
68
Far Away
7.6%
91
Obsessed
7.6%
4
Minority
6.1%
7
They Don't Care About Us
6.1%
26
3 am
6.1%
30
Return Of The Mack
6.1%
45
Savin' Me
6.1%
54
Let Me Hear You Scream
6.1%
58
Girlfriend
6.1%
59
Into The Night
6.1%
72
W*O*L*D
6.1%
75
Extraordinary Girl
6.1%
Song Order
Song
% Correct
89
Let It Die
6.1%
3
Beast And The Harlot
4.5%
10
These Days
4.5%
11
All Revved Up With No Place To Go
4.5%
19
Follow
4.5%
38
Give Me A Sign
4.5%
42
Mean Street
4.5%
47
Teeth
4.5%
49
Sinner
4.5%
52
Restless Heart Syndrome
4.5%
64
Girls And Boys
4.5%
67
Have A Nice Day
4.5%
63
Burn It To The Ground
4.5%
71
Paper Gangster
4.5%
74
If My Mary Were Here
4.5%
77
The Mayor Of Candor Lied
4.5%
93
Last Of The American Girls
4.5%
94
Word Up
4.5%
12
Rescue Me
3%
17
It's All Over
3%
23
The More Things Change
3%
28
Dance Like There's No Tomorrow
3%
46
Last Night On Earth
3%
66
Scared
3%
98
Song Of The Century
3%
22
Circle
1.5%
31
Fly Away
1.5%
37
Horseshoes And Handgrenades
1.5%
43
Any Old Kind Of Day
1.5%
62
Dancin' Boy
1.5%
70
Just To Get High
1.5%
80
Just Good Friends
1.5%
Quiz Playlist
Details
Report
Send in Message
Add To Playlist
Classic:
Type in answers that appear in a list
Last Updated: Feb 16, 2017
Quiz Scoreboard
CHALLENGE
Sign Up to Join the Scoreboard
Show All
Scores
Hide
Comments
May contain spoilers
Recently Published
Two Season TV Shows II
by 123Four
Television
10m
Image Sorting: Flags VI
by Barbecue
Geography
2m
Find the 'City' Movie
by crazypaving
Movies
60s
More to Explore
Quiz From the Vault
Featured Blog Post
14 Easter Pick-up Lines to Find Eggs With
hide this ad
You Might Also Like...
Tags
Artist Quiz
Song Quiz
100
iPod
Order
put
shuffle
Today's Top Quizzes in Music
Browse Music
hide this ad
Today's Top Quizzes in Song
Browse Song
Top Contributed Quizzes in Music
1
5X2 Blitz: Bands II
2
5X2 Blitz: The Beatles
3
Taylor Swift All Songs (2024)
4
5X2 Blitz: Billboard
5
5X2 Blitz: Billboard II
6
5X2 Blitz: Album
7
5X2 Blitz: Rock
8
5X2 Blitz: Singers
9
Music Artist by Three 2010s hits
10
5X2 Blitz: Lyrics
Explore More
Trending Topics
Disney
Anime
NBA
Harry Potter
Kpop
Crossword
Marvel
Pokémon
NFL
Puzzle
Soccer
Country
The Office
WWE
Song
hide this ad
More By:
DeathBanana64
Quiz
Plays
Rating
Category
Featured
Created
Full House Characters
2,893
3.38
Television
Jul 1, 2010
About Animal Crossing
2,146
3.75
Gaming
Mar 17, 2010
Ben 10 Aliens
2,099
3.67
Television
May 10, 2010
SSBM Characters By Stage
1,460
2.50
Gaming
Jul 4, 2010
iCarly Characters
1,365
2.00
Television
Feb 18, 2010
Go to Creator's Profile
Score Distribution
Quiz Creator Spotlight
DeathBanana64
Follow
Send a Message
Quizzes Created
-
Created Quiz Play Count
-
More By This Creator
Popular Quizzes Today
1
Colored Red Africa Blitz
2
Find the US States - No Outlines Minefield
3
Find the 'City' Movie
4
5x2 Blitz: Bands
5
The Countries of the World
6
Find the US States
7
Find the Countries of Europe - No Outlines Minefield
8
US States
More Music Quizzes
Frequently Abbreviated Bands
Published
Trending Quizzes
Colored Red Europe Blitz I
Colored Red Africa Blitz II
Colored Red Europe Blitz II
Colored Red Africa Blitz III
Colored Red Europe Blitz III
Recently Updated
How Do You Spell That?
pecheneg
Godzilla Movies
pecheneg
Grab Bag: 4-10 Letters
pecheneg
2024 March Madness Bracket
pecheneg
Famous TV Couples
Peacemaker
Champions League XIs: Real Madrid
pecheneg
Largest US Cities 1790-2010
pecheneg
Rides in Walt Disney World
pecheneg
Most Oscar Losses (Acting)
pecheneg
Beyoncé Albums
pecheneg
Trending Topics
NBA
Anime
Harry Potter
Disney
Kpop
Marvel
Crossword
Pokémon
Soccer
The Office
NFL
Puzzle
Country
Song
WWE
Your Account Isn't Verified!
In order to create a playlist on Sporcle, you need to verify the email address you used during registration. Go to your
Sporcle Settings
to finish the process.
Report this User
Report this user for behavior that violates our
Community Guidelines
.
Details:
Send Report
Go to the Sporcle.com Mobile Site →
Comments